000 01624nab a2200265 i 4500
003 BR-BrBNA
005 20250310104018.0
008 250310b2015 bl.qr|pooa||| 00| 0 eng |
040 _aBR-BrBNA
_beng
072 _aF70
100 _aSano, Paulo Takeo
100 _aCosta, Fabiane Nepomuceno
100 _aTrovó, Marcelo
100 _aEchternacht, Lívia
245 _aPaepalanthus magistrae (Eriocaulaceae), a remarkable new species in honor of Ana Maria Giulietti-Harley
500 _aPublicação on-line; 17 ref.; 2 illus.; Summary (En)
520 _a Abstract We describe and illustrate Paepalanthus magistrae, a remarkable new species of Eriocaulaceae from Nor- theastern Brazil. The species is placed into Paepalanthus subsect. Dichocladus by the presence of trimerous flower, elongated dichotomous branched stem, and small rigid leaves. Within the section it may be easily distinguished by its leaves with glabrescent adaxial surface and lanose abaxial surface. As the species is narrowly distributed and known from a few populations, it is considered endangered. Key words: Caatinga, Paepalanthoideae, Serra das Confusões National Park, taxonomy
650 _aCAATINGA
650 _aTAXONOMIA
650 _aPARQUE NACIONAL DA SERRA DAS CONFUSÕES
773 0 _0709
_9348914
_dRio de Janeiro-RJ Jardim Botanico do Rio de Janeiro 1935
_o2025-1431
_tRodriguésia (Brazil)
_x0370-6583; 2175-7860 on-line
_gv. 66(2) p. 299-303; (2015)
_wBR2024005011
856 _uhttps://www.scielo.br/j/rod/a/wY3HbsjxpP8Myfd4Sz4qqTF/?format=pdf&lang=en
942 _cANA
999 _c330287
_d330287